Normal view
MARC view
- White, Frank M
Entry Personal Name
001 - CONTROL NUMBER
- control field: 491
003 - CONTROL NUMBER IDENTIFIER
- control field: OSt
005 - DATE AND TIME OF LATEST TRANSACTION
- control field: 20160617140833.0
008 - FIXED-LENGTH DATA ELEMENTS
- fixed length control field: 160617|| aca||aabn | a|a d
040 ## - CATALOGING SOURCE
- Original cataloging agency: OSt
- Transcribing agency: OSt
100 ## - HEADING--PERSONAL NAME
- Personal name: White, Frank M
670 ## - SOURCE DATA FOUND
- Source citation: Work cat.: (OSt)13936: White, Frank M, Fluid mechanics (In SI Units), 2011
